000 00471nam a2200169Ia 4500
003 OSt
005 20201112115639.0
008 190216s9999||||xx |||||||||||||| ||und||
040 _coclc
082 _a421
_bJAL/C
100 _aJalaludin, P K
_96508
245 0 _aCross Your English Barrier /
_cP K Jalaludin
260 _bDarul Hidaya Offset,
_a2006.
_cEdapal:
300 _a153p
650 _aEnglish
942 _cBK
_2ddc
_h421
_iJAL/C
_k421
_mJAL/C
999 _c14324
_d14324